003780000a22001330004500060000800000082002200008100001700030100001400047245009400061260002700155260000900182300000800191650004500199 a100 a582.130 419 2 PRI aPridham, J B aSwain, T aBiosynthetic pathways in higher plants proceedings of the plant phenolics group symposium aLondon, Academic press c1965 a212 aHigher plants/ Biosynthesis/ Priogenesis